000 00832nam a2200313 a 4500
003 AR-BaBNM
005 20251128204255.0
008 082120s2002 ||||||||||||||000 | spa||
040 _cAR-BaBNM
245 0 0 _aLa caricatura polĂ­tica argentina
_bantologĂ­a
260 _aBuenos Aires
_bEudeba
_c1960
300 _a149 p.
_bil.
490 0 _aSerie del siglo y medio
_vv. 19
650 4 _aLITERATURA ARGENTINA
650 4 _aHUMOR
650 4 _aSATIRA
650 4 _aPERIODICOS
650 4 _aPUBLICACIONES PERIODICAS POPULARES
650 4 _aLITERATURA POPULAR
650 4 _aHISTORIA POLITICA
650 4 _aHISTORIA CULTURAL
653 _aCARICATURAS
653 _aHISTORIETAS
653 _aREVISTAS LITERARIAS
655 _aLITERATURA
700 1 _aDell'Acqua, Amadeo
_ecompilador
942 _cBK
998 _cMARTIN
999 _c6811
_d6811